Implementing welfare reform in Michigan: the role of street level bureaucrats (Record no. 52840)

000 -LEADER
fixed length control field 01150pab a2200145 454500
008 - FIXED-LENGTH DATA ELEMENTS--GENERAL INFORMATION
fixed length control field 180718b2002 xxu||||| |||| 00| 0 eng d
100 ## - MAIN ENTRY--PERSONAL NAME
Personal name Riccucci, Norma M.
245 ## - TITLE STATEMENT
Title Implementing welfare reform in Michigan: the role of street level bureaucrats
260 ## - PUBLICATION, DISTRIBUTION, ETC.
Date of publication, distribution, etc. 2002
300 ## - PHYSICAL DESCRIPTION
Extent p.901-21.
520 ## - SUMMARY, ETC.
Summary, etc. This study examines the implementation of welfare reform policies enacted by the state of Michigan. In particular, it focuses on how welfare policy is altered as it devolves from state policy makers to street-level bureaucrats in three local welfare agencies in Michigan. The analysis reveals that streetlevel bureaucrats in local welfare offices are in a position to interpret broadly stated goals handed down from officials, and, in some cases, to manage and grately influence the delivery of services when messages are mixed. The study also suggests that the actual policies or services delivered by frontline workers in welfare offices do not completely correspond with the poicy directives issued by state officials. - Reproduced.
650 ## - SUBJECT ADDED ENTRY--TOPICAL TERM
Topical term or geographic name entry element Civil service
773 ## - HOST ITEM ENTRY
Main entry heading International Journal of Public Administration
909 ## -
-- 52840
Holdings
Withdrawn status Lost status Damaged status Not for loan Permanent Location Current Location Date acquired Serial Enumeration / chronology Barcode Date last seen Price effective from Koha item type
        Indian Institute of Public Administration Indian Institute of Public Administration 2018-07-19 Volume no: 25, Issue no: 7 AR53270 2018-07-19 2018-07-19 Articles

Powered by Koha